skbl

Dr Suryya Kumar Bhuyan Library Web-OPAC
ডঃ সূৰ্য্য
কুমাৰ ভূঞা পুথিভঁৰাল ৱেব-অ'পেক

All Research Scholars are advised to clear the annual library fees to continue using Library Resources, Remote Access, Plagiarism Test and Library Clearance.

Cotton University Book Fair 2026

Agatha kristi rachana samagra part-II (Record no. 62249)

MARC details
000 -LEADER
fixed length control field 00492nam a2200169Ia 4500
001 - CONTROL NUMBER
control field 61135
008 - FIXED-LENGTH DATA ELEMENTS--GENERAL INFORMATION
fixed length control field 161215n ii |||gr||||Z||||||346
082 ## - DEWEY DECIMAL CLASSIFICATION NUMBER
Classification number 891.4409
100 ## - MAIN ENTRY--PERSONAL NAME
Personal name Sen, Prithviraj,
Relator term Author.
245 #0 - TITLE STATEMENT
Title Agatha kristi rachana samagra part-II
Statement of responsibility, etc. Translated by Prithviraj Sen
Medium Textual Documents
260 ## - PUBLICATION, DISTRIBUTION, ETC.
Place of publication, distribution, etc. Calcutta:
Name of publisher, distributor, etc. Kamini Prakashalaya.
300 ## - PHYSICAL DESCRIPTION
Extent 1192p:
Dimensions 23cm.
653 ## - INDEX TERM--UNCONTROLLED
Uncontrolled term Bengali
653 ## - INDEX TERM--UNCONTROLLED
Uncontrolled term Agatha Kristi Rachana samagra
653 ## - INDEX TERM--UNCONTROLLED
Uncontrolled term G-Bengali
942 ## - ADDED ENTRY ELEMENTS (KOHA)
Source of classification or shelving scheme Dewey Decimal Classification
Koha item type Books
Holdings
Withdrawn status Lost status Damaged status Not for loan Collection Home library Current library Shelving location Date acquired Cost, normal purchase price Total checkouts Full call number Barcode Date last seen Copy number Price effective from Koha item type
          Dr. Suryya Kumar Bhuyan Library Dr. Suryya Kumar Bhuyan Library   15/12/2016 150.00   891.4409 Se 55 Ag 3341/Gift 14/01/2024 1 15/12/2016 Books

Designed and Maintained by Team SKBL
©1901-2026

Powered by Koha